=LDR 00000nam 2200000 4500 =001 INLIS000000000028976 =005 20130612131238 =008 ***********************************Ind** =035 ##$$0010-061300000028976 =041 ##$$a Ind =082 ##$$a 658.8 =090 ##$$a 658.8, Ong g =100 ##$$a Onggo, Bob Julius =245 ##$$a Google is my salesman, mengubah mesin pencari menjadi mesin penjual paling produktif, Bob Julius Onggo =260 ##$$a 2007 $b Bandung =300 ##$$a 155 hlm, ilus, 21 cm =650 ##$$a Manajemen =850 ##$$a NBPNMAT =990 ##$$a 0001/BPAP-NTB/20142015